| 000 | 00568 a2200169 4500 | ||
|---|---|---|---|
| 999 |
_c4544 _d4544 |
||
| 020 | _a9780415907781 | ||
| 050 | _aLC 196 GIR 1994 | ||
| 100 |
_aGiroux, Henry _eEditor |
||
| 245 |
_aBetween borders: _bpedagogy and the politics of cultural studies / _cHenry A. Giroux and Peter McLaren |
||
| 264 |
_aNew York: _bRoutledge, _c1994 |
||
| 300 |
_ax, 280p. : _bill: |
||
| 500 | _aIncludes contributor's list | ||
| 650 |
_aMulticultural education _xEducational anthropology |
||
| 650 | _aCritical pedagogy | ||
| 700 |
_aMcLaren, Peter _eEditor |
||
| 942 |
_2lcc _cBK _h196 _iGIR _kLC |
||